000 00488nam a2200169Ia 4500
003 OSt
005 20200616111637.0
008 190216s9999||||xx |||||||||||||| ||und||
020 _a8177642677
040 _coclc
082 _a309.154
_bMAD/I
100 _aMadan, G R
_9977
245 0 _aIndian Social Problems Vol 1 /
_cG R Madan
260 _bAllied Publishers Limited,
_aNew Delhi:
_c2005.
300 _a575p
942 _cBK
_2ddc
_h309.154
_iMAD/I
_k309.154
_mMAD/I
999 _c21122
_d21122